Imiona nadane chłopcom w 2022 - Statystyki

Ogólne statystyki
  • Ten quiz został rozwiązany 36 razy
  • Średni wynik to 59 z 100
Statystyki odpowiedzi
Hint Odpowiedź % Poprawnych
J Jakub
93%
J Jan
93%
A Aleks
89%
A Alex
89%
B Bartosz
89%
M Mateusz
89%
T Tomasz
89%
A Adam
85%
A Aleksander
85%
A Alexander
85%
B Bartłomiej
85%
F Franciszek
85%
K Kamil
85%
M Michał
85%
P Piotr
85%
A Antoni
81%
S Szymon
81%
D David
78%
D Dawid
78%
K Kacper
78%
L Leo
78%
L Leon
78%
M Marcin
78%
N Nikodem
78%
P Paweł
78%
D Damian
74%
I Igor
74%
M Mikołaj
74%
S Stanisław
74%
A Adrian
70%
D Daniel
70%
K Konrad
70%
K Krzysztof
70%
Ł Łukasz
70%
O Oskar
70%
R Robert
70%
S Sebastian
70%
W Wiktor
70%
W Wojciech
70%
G Grzegorz
67%
H Hubert
67%
I Ignacy
67%
K Karol
67%
M Maksym
67%
F Filip
63%
G Gabriel
63%
M Maciej
63%
O Olaf
63%
T Tadeusz
63%
C Cezary
59%
D Dominik
59%
H Henryk
59%
K Kuba
59%
M Maksymilian
59%
M Marcel
59%
N Natan
59%
O Olivier
59%
O Oliwier
59%
P Patryk
59%
P Przemysław
59%
M Miłosz
56%
R Rafał
56%
A Artur
52%
E Emil
52%
E Eryk
52%
J Julian
52%
K Krystian
52%
T Tobiasz
52%
T Tymoteusz
52%
J Jerzy
48%
J Józef
48%
T Tymon
48%
A Alan
44%
B Borys
44%
F Fabian
44%
N Nataniel
44%
B Błażej
41%
F Florian
41%
J Juliusz
41%
K Kazimierz
41%
K Kornel
41%
F Feliks
37%
L Leonard
37%
R Remigiusz
37%
R Ryszard
37%
W Witold
37%
B Bruno
33%
G Gustaw
33%
K Kajetan
33%
K Ksawery
33%
S Stefan
33%
T Teodor
33%
J Jeremi
30%
K Konstanty
30%
M Mieszko
30%
R Radosław
30%
M Milan
22%
M Mark
11%
M Matvii
4%
A Artem
0%
Nie znaleziono quizów pasujących do podanych kryteriów
Rozkład punktacji
Procent ludzi z każdym wynikiem
Percentyl według liczby udzielonych odpowiedzi
Twoja historia wyników
Nie rozwiązałeś tego quizu